000
00270nam a2200085Ia 4500
245
0
_a
Humanity : an introduction to cultural anthropology
100
_a
Peoples, James G. Belmont, CA, 2009 8th ed
_9
77461
942
_c
BK
008
210817s9999 xx 000 0 und d
999
_c
264665
_d
264664